Statistics for Largest countries

Click here to take the quiz!

General Stats

  • This quiz has been taken 24 times
  • The average score is 40 of 50

Answer Stats

HintAnswer% Correct
7,741,220Australia
95%
8,515,767Brazil
95%
9,984,670Canada
95%
9,596,961China
95%
3,287,263India
95%
1,964,375Mexico
95%
1,564,110Mongolia
95%
17,098,242Russia
95%
9,857,348United States
95%
2,381,741Algeria
89%
1,246,700Angola
89%
2,780,400Argentina
89%
1,098,581Bolivia
89%
1,141,748Colombia
89%
1,002,450Egypt
89%
1,648,195Iran
89%
1,267,000Niger
89%
796,095Pakistan
89%
2,149,690Saudi Arabia
89%
1,861,484Sudan
89%
945,087Tanzania
89%
783,562Turkey
89%
603,500Ukraine
89%
1,284,000Chad
84%
1,104,300Ethiopia
84%
551,695France
84%
2,724,900Kazakhstan
84%
923,768NIgeria
84%
1,285,216Peru
84%
1,221,037South Africa
84%
916,445Venezuela
84%
652,230Afghanistan
79%
581,730Botswana
79%
1,904,569Indonesia
79%
1,759,540Libya
79%
1,240,192Mali
79%
1,030,700Mauritania
79%
825,615Namibia
79%
644,329South Sudan
79%
752,612Zambia
79%
756,096Chile
74%
622,984Central African Republic
68%
580,367Kenya
68%
801,590Mozambique
63%
587,041Madagascar
58%
637,657Somalia
58%
2,344,858DRC
53%
676,578Myanmar
47%
555,000Yemen
42%
2,210,573Greenland
16%

Score Distribution

Percentile by Number Answered

Percent of People with Each Score

Your Score History

You have not taken this quiz